Personnages Mario - Statistiques

Statistiques générales
  • Ce quiz a été pris 271 fois
  • Le résultat moyen est 10 sur 20
Statistiques - réponses
Indice Nom % Correct
Plombier Vert Luigi
100%
Plombier Rouge Mario
100%
Princesse du Royaume Champignon Peach
98%
Roi des Koopas Bowser
95%
Habitant du Royaume Champignon Toad
92%
Princesse de Sarasaland Daisy
83%
Dinosaure Vert Yoshi
80%
Nemesis de Luigi Waluigi
79%
Nemesis de Mario Wario
79%
Princesse des Étoiles Harmonie
72%
Habitants Étoiles Luma
31%
Koopa Magique Kamek
30%
Maire de New Donk City Pauline
21%
Petit Lapin Violet Voleur Carottin
19%
Grosse Plante Piranha Flora Piranha
15%
Enfants de Bowser Koopalings
14%
Habitants du Royaume des Chapeaux Cappy
12%
Prince du Royaume des Fleurs Florian
8%
Statue de Bois Originaire de la Route Étoiles Geno
3%
Habitant du Royaume des Fleurs Poplin
3%
Aucun quiz correspondant
Distribution des résultats
% des personnes avec chaque résultat
Percentile par nombre de réponses
Votre historique - résultats
Vous n’avez pas pris ce quiz